<?xml version="1.0" encoding="UTF-8"?>
<collection xmlns="http://www.loc.gov/MARC21/slim">
 <record>
  <leader>01008nam a22001691  4500</leader>
  <controlfield tag="001">1/17567</controlfield>
  <controlfield tag="008">010711s1977    gre                 gr   </controlfield>
  <datafield tag="035" ind1=" " ind2=" ">
   <subfield code="l">18092</subfield>
  </datafield>
  <datafield tag="040" ind1=" " ind2=" ">
   <subfield code="a">GR-PeUP</subfield>
  </datafield>
  <datafield tag="082" ind1="0" ind2="0">
   <subfield code="a">338.9 ΠΡ</subfield>
  </datafield>
  <datafield tag="110" ind1="2" ind2=" ">
   <subfield code="a">Ελλάδα.</subfield>
   <subfield code="b">Υπουργείο Συντονισμού.</subfield>
  </datafield>
  <datafield tag="245" ind1="1" ind2="0">
   <subfield code="a">Πρόγραμμα οικονομικής και κοινωνικής αναπτύξεως 1976-1980. Περίοδος 1977-1980 :</subfield>
   <subfield code="b">προκαταρκτικά /</subfield>
   <subfield code="c">Υπουργείο Συντονισμού. Κέντρο Προγραμματισμού και Οικονομικών ερευνών</subfield>
  </datafield>
  <datafield tag="260" ind1=" " ind2=" ">
   <subfield code="a">Αθήναι :</subfield>
   <subfield code="b">Εθνικό τυπογραφείο,</subfield>
   <subfield code="c">1977</subfield>
  </datafield>
  <datafield tag="300" ind1=" " ind2=" ">
   <subfield code="a">117 σ. :</subfield>
   <subfield code="b">πίν. ,</subfield>
   <subfield code="c">23 εκ.</subfield>
  </datafield>
  <datafield tag="651" ind1=" " ind2="0">
   <subfield code="a">Ελλάδα</subfield>
   <subfield code="x">Οικονομικές συνθήκες</subfield>
   <subfield code="y">1977-1980.</subfield>
  </datafield>
  <datafield tag="710" ind1="2" ind2=" ">
   <subfield code="a">Κέντρο Προγραμματισμού και Οικονομικών Ερευνών.</subfield>
  </datafield>
  <datafield tag="852" ind1=" " ind2=" ">
   <subfield code="a">INST</subfield>
   <subfield code="b">UNIPILB</subfield>
   <subfield code="c">MAIN</subfield>
   <subfield code="e">20040709</subfield>
   <subfield code="h">338.9 ΠΡ</subfield>
   <subfield code="p">00115468</subfield>
   <subfield code="q">00115468</subfield>
   <subfield code="t">LOAN</subfield>
   <subfield code="y">0</subfield>
   <subfield code="4">1</subfield>
  </datafield>
 </record>
</collection>
